Дело о командировании за границу артиста балетной труппы Владимира Степанова для усовершенствования, изобретенного им способа гр...

Доступно только в Электронных читальных залах Найти на картеНа карте
RUSMARC
00003840nmc2a22002413x 450
0017c3e1395-a846-4c03-9490-e3c57f03dc28
00520201007165605.0
100##$a20200225l18911905k l0rusy0189 ca
1010#$arus
102##$aRU
105##$ay###
1222#$ad
2001#$aДело о командировании за границу артиста балетной труппы Владимира Степанова для усовершенствования, изобретенного им способа графического изображения балетных телодвижений и танцев, одобренного протоколом особой комиссии
$j24 февраля 1891 г. - 2 июня 1905 г.
215##$a21 л.
$d36,5х26 см
251##$cДело
300##$aНа бланке обложки указано: "Дело Санкт-Петербургской конторы императорских театров"
371##$aДокумент не является опубликованным и широко распространяемым
461#0$10019264ebf8-de62-4f1a-9eb4-9f22098dbbd5
$12001
$aДирекция императорских театров МИДв
$1251
$cФонд
$1852
$j497
462#0$10016d2858c7-947f-46a8-934e-c3d97596ebca
$12001
$aДирекция императорских театров (1879-1918 гг.)
$1251
$cОпись
$1852
$j6
801#0$aRU
$bРГИА
$c20200225
$gRCR
801#1$aRU
$bГлавНИВЦ
$c20200225
$2rusmarc
801#2$aRU
$bПБ им. Б.Н. Ельцина
$c20201007
$gRCR
$2rusmarc
850##$aРГИА
852##$aРГИА
$eФедеральное казенное учреждение "Российский государственный исторический архив" (РГИА)
$j4102
937##$hРГИА
$d12339088
$aASBIBLIO_SCAN
035##$aRusGRCC00001575
856##$uhttp://readingroom.main.prlib.ru/item.aspx?id_node=n147736894&mode=full
Формат отображения